Liedtext-Pokemon-Ich will ein Held sein - Statistiken

Allgemein
  • Dieses Quiz wurde 40 mal gespielt
  • Das Durchschnittsergebnis liegt bei 58 aus 95
Antwortstatistiken
Antwort % Korrekt
der
100%
Der
100%
Der
100%
der
100%
der
100%
Ich
100%
ich
100%
ich
100%
ich
100%
ich
100%
ich
100%
ich
100%
ich
100%
will
100%
will
100%
will
100%
will
100%
sein
93%
sein
93%
sein
93%
sein
93%
sein
93%
Beste
72%
Held
72%
Held
72%
Held
72%
ein
69%
ein
69%
ein
69%
Pokemon
69%
mir
62%
und
62%
und
62%
Dann
59%
das
59%
den
59%
Denn
59%
denn
59%
Denn
59%
war
59%
wir
59%
dich
55%
es
55%
werd
55%
werde
55%
alles
52%
ganz
52%
immer
52%
ist
52%
ist
52%
kann
52%
ob
52%
was
52%
an
48%
fest
48%
halt
48%
Mut
48%
nie
48%
nur
48%
oben
48%
so
48%
steh´n
48%
tun
48%
verlässt
48%
wird
48%
wird
48%
zeig
48%
allen
45%
letzte
45%
man
45%
nicht
45%
nicht
45%
nicht
45%
noch
45%
Zeit
45%
am
41%
fern
41%
Hab
41%
harte
41%
mehr
41%
nächste
41%
ne
41%
Schritt
41%
vorbei
41%
weitergeh´n
41%
Ende
38%
gelernt
38%
viel
38%
sehen
34%
Spiel
34%
Tag
34%
bestehen
31%
gemeinsam
31%
diesen
28%
Test
28%
Keine übereinstimmenden Quizze gefunden
Verteilung der Resultate
Anzahl Personen mit jedem Resultat
Perzentil nach korrekt beantworteten Fragen
Ihre Resultats-Entwicklung
Sie haben dieses Quiz noch nicht gespielt